000 00641nam a22002057a 4500
003 DO-SdBNP
005 20210921085303.0
007 ta
008 210920e2014 dr ||||gr|||| 001 edspa d
040 _aDO-SdBNP
_bspa
_cBNPHU
082 4 _222
_bP438a, 2014
100 1 _955550
_aPérez Brea, Juan Ramón
245 1 0 _aAdicto a la unción:
_ben la unción hay bendición /
_cJuan Ramón Pérez Brea
250 _a2da. ed.
260 _aSanto Domingo :
_bMontas Centro de Impresos,
_c2014
300 _a110 p.;
_c21 cm
500 _aIncluye biografía de autor en la cubierta posterior.
590 _aInventariado 2021 / MF
942 _2ddc
_cLBS1
999 _c50585
_d50585